000 00696nam a2200217Ia 4500
005 20230617132345.0
008 131103s9999 xx 000 0 und d
040 _aLoreto College
041 _aEnglish
082 _a301
_bMAR
100 _aMarx, Karl
245 _aSelected writings in sociology and social philosophy
_cKarl Marx; edited with an introduction and notes by T.B.Bottomore and Maximilien Rubel
260 _aHarmondsworth
_bPenguin Books
_c1979
300 _a272 p.
504 _aIncludes bibliographical references and index
650 _aSociology
651 _aPhilosophy and theory of social sciences
700 _aBottomore,T.B.ed.
850 _aLCLIB
942 _cBK
999 _c24237
_d74716